header

Idioms in Salman Rushdie's novels (Record no. 61305)

MARC details
000 -LEADER
fixed length control field 01274nam a2200325Ia 4500
100 1# - MAIN ENTRY--AUTHOR NAME
Personal name Szpila, Grzegorz.
245 10 - TITLE STATEMENT
Title Idioms in Salman Rushdie's novels
260 ## - PUBLICATION, DISTRIBUTION, ETC. (IMPRINT)
Place of publication Frankfurt am Main ;
-- New York :
Name of publisher Peter Lang,
Year of publication c2012.
300 ## - PHYSICAL DESCRIPTION
Number of Pages 293 p.
490 0# - SERIES STATEMENT
Series statement Text, meaning, context ;
856 40 - ELECTRONIC LOCATION AND ACCESS
Uniform Resource Identifier http://site.ebrary.com/lib/rucke/Doc?id=10666528

No items available.

© 2026 Rongo University
Contact us: librarian | system librarian | Rongo university